000 01072nam1a22002531i 4500
001 RU\NLR\INFOCOMM_161\5000071502
005 20240724165936.0
035 _a(NLR Aleph) 009219453
090 _a8798087
_c8798087
100 _a20100529d1974 |||y0rusy50 ba
101 0 _aspa
102 _aRU
105 _ay ||||000|y
200 1 _aBoletín
_ePublicación de la editorial "Novedades de Moscu", "Moscow news", "Les nouvelles de Moscou" y "Anba Moscu"
_fSe ed. con autorización del Com. directivo del Congr. mundial de las fuerzas de la paz
210 _aΜ.
_d[1974]
215 _a2 т.
_d29 см
300 _aВ вып. дан.: Бюллетень ... Руководящего комитета ВКМС
601 1 2 _aВсемирный конгресс миролюбивых сил
_f1973
_eМосква
_2nlr_sh1
686 _aТ3(0)63-461.32
_2rubbk
710 1 2 _aConsejo internacional de continuación y de enlace del Congreso mundial de las fuerzas de la paz
_4070
801 1 _aRU
_bNLR
_c20100529
801 0 _aRU
_bNLR
_gPSBO
852 _aNLR
_jИ25 Д-8/32
942 _cBOOK